000 00435nam a2200205Ia 4500
001 13631
003 GE_BSU
008 181216s||||||||xx |||||||||||||| ||und||
020 _a0552133159
040 _cGE_BSU
080 _a821.111-3
100 _aGower,Iris.
245 _aFiddler's ferry.
260 _aLondon.
260 _bCorgi Books.
260 _c1987
300 _a447p;18cm.
653 _aFiddler's ferry.
942 _cBK
999 _c46785
_d46785